Hacia un proyecto educativo común : síntesis de los proyectos educativos de la compañía de Jesús en América latina /

-д хадгалсан:
Номзүйн дэлгэрэнгүй
Үндсэн зохиолч: Ramal, Andrea Cecilia (autor)
Бусад зохиолчид: Ivern, Francisco (presentación) (presentación)
Формат: Ном
Хэл сонгох:испани
Нөхцлүүд:
Шошгууд: Шошго нэмэх
Шошго байхгүй, Энэхүү баримтыг шошголох эхний хүн болох!

MARC

LEADER 00000nam^a2200000^a^4500
001 000356215
005 20250521000000.0
009 20260310115224.868
037 |a Acervo ITESO - Biblioteca 
041 |a ESP 
082 |a 371. 39  |b RAM 
100 |a Ramal, Andrea Cecilia  |e (autor) 
245 1 0 |a Hacia un proyecto educativo común :  |b síntesis de los proyectos educativos de la compañía de Jesús en América latina /  |c A.C. Ramal ; presen. de F. Ivern. 
264 |a Río de Janeiro, Brasil :  |b Conferencia de Provinciales Jesuitas de América Latina,  |c ca. 2004 
300 |a 67 p. 
336 |a texto  |b txt  |2 rdacontenido 
337 |a sin mediación  |b n  |2 rdamedio 
338 |a volumen  |b nc  |2 rdasoporte 
649 |a XX 
650 |a Jesuitas en la Educación -  |z Latinoamérica -  |x Tema Principal 
650 |a Jesuitas en la Educación 
650 |a Educadores 
650 |a Pedagogía Ignaciana -  |z Latinoamérica -  |x Tema Principal 
650 |a Proyecto Educativo -  |z Latinoamérica 
650 |a Proyecto Educativo -  |x Tema Principal 
650 |a Administración Educativa 
650 |a Iglesia y Educación 
650 |a Educación 
700 |a Ivern, Francisco  |e (presentación) 
910 |a Fondo General 
920 |a Impresos - Libros 
930 |a Colección General 
940 |a Jesuitas 
905 |a 101 
901 |a 0500249093  |b IT1  |c ACC  |i D70764  |u 20250521 
902 |a https://opac.biblio.iteso.mx/vufind/Record/000356215